| 000 | 00723nam a2200229 i 4500 | ||
|---|---|---|---|
| 001 | 6925 | ||
| 003 | ES-MaACL | ||
| 005 | 20230906145125.0 | ||
| 007 | t| | ||
| 008 | 900712s1988 sp ||||1| spa d | ||
| 020 | _a84-345-8364-X | ||
| 080 | _a599.8 | ||
| 100 | 1 |
_aFossey, Dian. _951898 |
|
| 245 | 1 | 0 |
_aGorilas en la niebla _b: 13 años viviendo entre los gorilas / _cDian Fossey. |
| 260 |
_aBarcelona : _bSalvat, _cD.L. 1988. |
||
| 300 |
_aXIII, 264 p., [8] p. de lam. : _bil ; _c19 cm. |
||
| 490 | 1 |
_aBiblioteca científica Salvat ; _v2 |
|
| 650 | 1 | 4 |
_aGorilas- _xConducta. _913136 |
| 830 | 0 |
_aBiblioteca científica Salvat ; _v2 _9177703 |
|
| 852 |
_aES-MaACL _jL-14096 _bR.117686 _z. - rust. |
||
| 999 |
_c6925 _d6925 |
||